000 00591 a2200193 4500
999 _c182915
_d182915
005 20211209154230.0
010 _aENG-130260
020 _c275.00
_a978-93-88766-22-7
035 _aEN-113792
037 _bDBAD / PUB
082 _aN
100 _aJethwani, Aruna
245 _aThe Beautiful Balance:
_cAruna jethwani
250 _a2021
260 _aNew Delhi
_bLiFi Publication Pvt. Ltd.
_c2021
270 _a211, 2nd Floor, Gagandeep, 12 Rajendra Place
_bNew Delhi
_e110008
_k011 25741000
_minfo@lifipublications.com
300 _a174p.
_c20cm (pbk)
942 _adpl
_cEN
_2ddc
_hN
_mJET